3 najpopularniejsze kluby pilkarskie z tych polskich miast - Statystyki

Ogólne statystyki
  • Ten quiz został rozwiązany 991 razy
  • Średni wynik to 12 z 26
Statystyki odpowiedzi
miasto popularny klub pilkarski z tego miasta % Poprawnych
Warszawa Legia Warszawa
99%
Warszawa Polonia Warszawa
87%
Poznań Lech Poznań
86%
Szczecin Pogoń Szczecin
86%
Kraków Wisła Kraków
85%
Gdańsk Lechia Gdańsk
81%
Wrocław Śląsk Wrocław
81%
Łódź ŁKS Łódź
80%
Łódź Widzew Łódź
78%
Kraków Cracovia Kraków
74%
Katowice GKS Katowice
72%
Poznań Warta Poznań
70%
Kraków Garbarnia Kraków
45%
Wrocław Ślęza Wrocław
27%
Koszalin Gwardia Koszalin
26%
Katowice Rozwój Katowice
23%
Warszawa Hutnik Warszawa
15%
Koszalin Bałtyk Koszalin
12%
Gdańsk Gedania Gdańsk
11%
Szczecin Świt Szczecin
11%
Szczecin Arkonia Szczecin
7%
Gdańsk Polonia Gdańsk
6%
Poznań Polonia Poznań
3%
Wrocław Polonia Wrocław
3%
Katowice Sparta Katowice
3%
Łódź Kolejarz Łódź
0%
Nie znaleziono quizów pasujących do podanych kryteriów
Rozkład punktacji
Procent ludzi z każdym wynikiem
Percentyl według liczby udzielonych odpowiedzi
Twoja historia wyników
Nie rozwiązałeś tego quizu